U.S. State Flags - Statistics

General Stats
  • This quiz has been taken 333 times
  • The average score is 40 of 50
Answer Stats
Picture Answer % Correct
California
96%
Texas
96%
New Mexico
94%
Alaska
93%
Arizona
93%
Colorado
93%
Hawaii
93%
Maryland
91%
Ohio
90%
South Carolina
90%
Washington
90%
Wyoming
90%
South Dakota
89%
Alabama
88%
Tennessee
88%
Florida
85%
Utah
84%
Mississippi
83%
Oklahoma
83%
Louisiana
80%
New York
80%
Rhode Island
80%
Georgia
79%
Indiana
79%
Oregon
79%
Delaware
78%
Michigan
78%
Minnesota
78%
Arkansas
77%
North Carolina
77%
New Jersey
76%
Connecticut
73%
Missouri
73%
Montana
73%
Illinois
72%
Iowa
72%
Kansas
72%
Massachusetts
72%
Pennsylvania
72%
Vermont
72%
Virginia
72%
Kentucky
71%
Nevada
71%
West Virginia
70%
Maine
68%
New Hampshire
68%
Wisconsin
67%
Nebraska
66%
North Dakota
66%
Idaho
63%
No matching quizzes found
Score Distribution
Percent of People with Each Score
Percentile by Number Answered
Your Score History
You have not taken this quiz